[Event "Passau op 8th"]
[Site "Passau"]
[Date "2000.04.23"]
[Round "5"]
[White "Thieme, Steffen"]
[Black "Baumhus, Reinhard"]
[Result "0-1"]
[WhiteElo "2159"]
[BlackElo "2338"]
[PlyCount "84"]
[EventDate "2000.04.21"]
[EventType "swiss"]
[EventRounds "7"]
[EventCountry "GER"]
[SourceTitle "CBM 076 Extra"]
[Source "ChessBase"]
[SourceDate "2000.07.11"]
[SourceVersion "1"]
[SourceVersionDate "2000.07.11"]
[SourceQuality "1"]

1. c4 Nc6 2. Nc3 e5 3. d3 g6 4. g3 Bg7 5. Bg2 d6 6. Nf3 Nf6 7. Bg5 h6 8. Bd2 0-0 9. 0-0 Re8 10. Ne1 Nd4 11. Qc1 Kh7 12. e3 Nf5 13. Nc2 c6 14. Ne4 Ng8 15. Nc3 Be6 16. e4 Nd4 17. f4 f5 18. exf5 Bxf5 19. Nxd4 exd4 20. Ne4 Nf6 21. Nf2 d5 22. c5 a5 23. h3 h5 24. Qd1 Qd7 25. Kh2 Re3 26. Re1 Qe7 27. Bxe3 dxe3 28. g4 Qc7 29. gxf5 Qxf4+ 30. Kh1 exf2 31. fxg6+ Kh8 32. Re7 Ng4 33. hxg4 hxg4 34. Bh3 gxh3 35. Qh5+ Bh6 36. Rh7+ Kg8 37. Qxh3 Re8 38. Rf1 Re1 39. Qc8+ Bf8 40. Qh3 Rxf1+ 41. Qxf1 Qf3+ 42. Kh2 Bxc5 0-1

[Event "Ruhrgebiet 4 Cup"]
[Site "Ruhrgebiet"]
[Date "2000.??.??"]
[Round "2"]
[White "Baumhus, Reinhard"]
[Black "Buenermann, Volker"]
[Result "1/2-1/2"]
[WhiteElo "2329"]
[BlackElo "2285"]
[PlyCount "74"]
[EventDate "2000.02.13"]
[EventType "team-k.o."]
[EventRounds "3"]
[EventCountry "GER"]
[SourceTitle "EXT 2024"]
[Source "ChessBase"]
[SourceDate "2023.10.10"]
[SourceVersion "1"]
[SourceVersionDate "2023.10.10"]
[SourceQuality "1"]
[WhiteTeam "Buer Hassel"]
[BlackTeam "Weisse Dame Borbeck"]
[WhiteTeamCountry "GER"]
[BlackTeamCountry "GER"]

1. e4 c5 2. Nc3 Nc6 3. Nge2 g6 4. g3 Bg7 5. Bg2 e6 6. d3 d6 7. 0-0 Nge7 8. Be3 Nd4 9. Rb1 Rb8 10. Qd2 b5 11. b4 Nxe2+ 12. Nxe2 Qc7 13. c4 bxc4 14. bxc5 Rxb1 15. Rxb1 0-0 16. dxc4 dxc5 17. Rb5 Rd8 18. Rxc5 Qb6 19. Qc2 Qb4 20. h4 Ba6 21. Rc7 Nc8 22. Nf4 Bd4 23. Bxd4 Rxd4 24. e5 Qa5 25. Rc6 Bb7 26. Rxe6 fxe6 27. Bxb7 Qe1+ 28. Kh2 Rd2 29. Qa4 Qxf2+ 30. Bg2 Kf7 31. Qc6 Ne7 32. Qxe6+ Kf8 33. c5 Nf5 34. Qf6+ Kg8 35. Qe6+ Kf8 36. Qf6+ Kg8 37. Qe6+ Kf8 1/2-1/2

[Event "Oberliga NRW 9899 I"]
[Site "Germany"]
[Date "1999.01.20"]
[Round "5.2"]
[White "Baumhus, Reinhard"]
[Black "Koch, Thomas"]
[Result "1/2-1/2"]
[WhiteElo "2330"]
[BlackElo "2335"]
[PlyCount "40"]
[EventDate "1998.10.10"]
[EventType "team-tourn"]
[EventRounds "9"]
[EventCountry "GER"]
[SourceTitle "EXT 2000"]
[Source "ChessBase"]
[SourceDate "1999.11.16"]
[SourceVersion "1"]
[SourceVersionDate "1999.11.16"]
[SourceQuality "1"]
[WhiteTeam "Enger Spenge"]
[BlackTeam "Aachen"]
[WhiteTeamCountry "GER"]
[BlackTeamCountry "GER"]

1. e4 e5 2. Nf3 Nc6 3. Bb5 a6 4. Ba4 Nf6 5. Nc3 b5 6. Bb3 Be7 7. d3 d6 8. a4 b4 9. Nd5 Na5 10. Nxb4 Rb8 11. Bd2 c5 12. Na2 Nxb3 13. cxb3 Be6 14. b4 Bxa2 15. Rxa2 cxb4 16. a5 0-0 17. 0-0 Rb5 18. Ra4 Qb8 19. Qe1 b3 20. Bc3 Rc8 1/2-1/2

[Event "4 Laender-Cup"]
[Site "Baden"]
[Date "1999.??.??"]
[Round "?"]
[White "Kersten, Uwe"]
[Black "Baumhus, Reinhard"]
[Result "0-1"]
[WhiteElo "2383"]
[BlackElo "2330"]
[PlyCount "70"]
[EventDate "1999.??.??"]
[EventType "team-tourn"]
[EventRounds "3"]
[EventCountry "GER"]
[SourceTitle "EXT 2002"]
[Source "ChessBase"]
[SourceDate "2001.11.25"]
[SourceVersion "1"]
[SourceVersionDate "2001.11.25"]
[SourceQuality "1"]

1. e4 c6 2. d4 d5 3. e5 Bf5 4. Nf3 e6 5. Be2 Ne7 6. 0-0 Nd7 7. Nh4 c5 8. c3 Bg6 9. Nd2 Nc6 10. Nxg6 hxg6 11. Nf3 Be7 12. g3 Qb6 13. Rb1 Rc8 14. h4 cxd4 15. cxd4 Na5 16. Bg5 Bxg5 17. Nxg5 Nc6 18. Nf3 0-0 19. Qd2 Rc7 20. Kg2 Rfc8 21. Rh1 f6 22. h5 fxe5 23. dxe5 Ncxe5 24. Nxe5 Nxe5 25. Qg5 Nf7 26. Qxg6 e5 27. Bg4 Rc6 28. Qd3 Rd8 29. Bf5 e4 30. Qe2 Rf8 31. Rh4 Ne5 32. Rf4 Rcf6 33. g4 Nd3 34. Qd2 Qd6 35. Kg3 Rxf5 0-1

[Event "Oberliga NRW 9899 I"]
[Site "Germany"]
[Date "1998.12.03"]
[Round "3.2"]
[White "Baumhus, Reinhard"]
[Black "Buscher, Michael"]
[Result "1/2-1/2"]
[WhiteElo "2330"]
[BlackElo "2340"]
[PlyCount "80"]
[EventDate "1998.10.10"]
[EventType "team-tourn"]
[EventRounds "9"]
[EventCountry "GER"]
[SourceTitle "EXT 2000"]
[Source "ChessBase"]
[SourceDate "1999.11.16"]
[SourceVersion "1"]
[SourceVersionDate "1999.11.16"]
[SourceQuality "1"]
[WhiteTeam "Enger Spenge"]
[BlackTeam "Duisburg II"]
[WhiteTeamCountry "GER"]
[BlackTeamCountry "GER"]

1. e4 c5 2. Nc3 Nc6 3. Nge2 d6 4. g3 g6 5. Bg2 Bg7 6. 0-0 e6 7. d3 Nge7 8. Be3 Nd4 9. Rb1 Qa5 10. a3 Bd7 11. b4 Qc7 12. e5 Bxe5 13. bxc5 Nxe2+ 14. Nxe2 Bc6 15. Bxc6+ Qxc6 16. Nd4 Bxd4 17. Bxd4 0-0 18. cxd6 Qxd6 19. Rxb7 Qxd4 20. Rxe7 Qd6 21. Rb7 Qxa3 22. Qa1 Qxa1 23. Rxa1 Rfc8 24. c4 a5 25. Kf1 e5 26. Rb5 e4 27. Ke2 exd3+ 28. Kxd3 a4 29. Ra3 Rd8+ 30. Kc3 Rd1 31. Rb4 Rc1+ 32. Kd2 Rf1 33. Ke2 Rc1 34. Rbxa4 Rc8 35. Kd3 Rd8+ 36. Ke2 Rc8 37. Kd3 Rd8+ 38. Ke3 Rc8 39. Kd4 Rd8+ 40. Kc5 Rc8+ 1/2-1/2

[Event "Oberliga NRW 9899 I"]
[Site "Germany"]
[Date "1998.??.??"]
[Round "1.2"]
[White "Baumhus, Reinhard"]
[Black "Fridman, Daniel"]
[Result "0-1"]
[WhiteElo "2330"]
[BlackElo "2520"]
[PlyCount "84"]
[EventDate "1998.10.10"]
[EventType "team-tourn"]
[EventRounds "9"]
[EventCountry "GER"]
[SourceTitle "EXT 2000"]
[Source "ChessBase"]
[SourceDate "1999.11.16"]
[SourceVersion "1"]
[SourceVersionDate "1999.11.16"]
[SourceQuality "1"]
[WhiteTeam "Enger Spenge"]
[BlackTeam "Essen Borbeck"]
[WhiteTeamCountry "GER"]
[BlackTeamCountry "GER"]

1. e4 g6 2. d4 Bg7 3. Nc3 d6 4. Nge2 Nf6 5. g3 0-0 6. Bg2 e5 7. 0-0 Nc6 8. dxe5 Nxe5 9. h3 Re8 10. f4 Nc4 11. Qd3 Nb6 12. g4 h6 13. Be3 Qe7 14. Bf2 Be6 15. Rfe1 Rad8 16. Nd4 Bc4 17. Qf3 Nfd7 18. a4 c5 19. Ndb5 a6 20. Na3 Be6 21. a5 Nc8 22. e5 b5 23. axb6 Ncxb6 24. exd6 Qxd6 25. Rad1 Qc7 26. f5 Ne5 27. Rxe5 Bxe5 28. fxe6 Rxd1+ 29. Nxd1 Rxe6 30. c3 Qd6 31. Ne3 Rf6 32. Qe2 Bg3 33. Bxg3 Qxg3 34. Nf1 Qf4 35. Qe3 Na4 36. Qe2 Re6 37. Qc2 Re1 38. Qf2 Qxf2+ 39. Kxf2 Rc1 40. Bb7 Nxb2 41. c4 Nd3+ 42. Ke2 Nf4+ 0-1

[Event "Oberliga NRW 9899 I"]
[Site "Germany"]
[Date "1998.??.??"]
[Round "2.2"]
[White "Kasnitz, Martin"]
[Black "Baumhus, Reinhard"]
[Result "0-1"]
[WhiteElo "2275"]
[BlackElo "2330"]
[PlyCount "60"]
[EventDate "1998.10.10"]
[EventType "team-tourn"]
[EventRounds "9"]
[EventCountry "GER"]
[SourceTitle "EXT 2000"]
[Source "ChessBase"]
[SourceDate "1999.11.16"]
[SourceVersion "1"]
[SourceVersionDate "1999.11.16"]
[SourceQuality "1"]
[WhiteTeam "Duesseldorf"]
[BlackTeam "Enger Spenge"]
[WhiteTeamCountry "GER"]
[BlackTeamCountry "GER"]

1. c4 Nc6 2. Nc3 e5 3. g3 g6 4. Bg2 Bg7 5. e4 d6 6. d3 Be6 7. Nge2 Qd7 8. Nd5 f5 9. h4 Nf6 10. Bg5 0-0 11. Qd2 Nh5 12. exf5 Bxf5 13. 0-0 Rf7 14. Kh2 Raf8 15. f3 Be6 16. Rae1 Nd8 17. b3 c6 18. Ndc3 d5 19. c5 Qc7 20. b4 Bc8 21. Bh6 Ne6 22. Bxg7 Nexg7 23. Qg5 Ne6 24. Qh6 Nd4 25. Nxd4 Nxg3 26. Nde2 Nxf1+ 27. Rxf1 e4+ 28. Ng3 exf3 29. Bh3 Rf4 30. Qg5 Bxh3 0-1

[Event "Bundesliga 9697"]
[Site "Germany"]
[Date "1997.??.??"]
[Round "?.6"]
[White "Baumhus, Reinhard"]
[Black "Stolz, Mike"]
[Result "0-1"]
[WhiteElo "2355"]
[BlackElo "2280"]
[PlyCount "62"]
[EventDate "1996.10.12"]
[EventType "team-tourn"]
[EventRounds "15"]
[EventCountry "GER"]
[SourceTitle "GER-chT"]
[Source "ChessBase"]
[SourceDate "1999.07.01"]
[SourceVersion "1"]
[SourceVersionDate "1999.07.01"]
[SourceQuality "1"]
[WhiteTeam "Passau"]
[BlackTeam "Magdeburg"]
[WhiteTeamCountry "GER"]
[BlackTeamCountry "GER"]

1. e4 e6 2. d3 d5 3. Qe2 Ne7 4. Nf3 c5 5. g3 Nbc6 6. Bg2 g6 7. 0-0 Bg7 8. e5 h6 9. h4 b6 10. c4 dxc4 11. dxc4 Bb7 12. Nc3 Qb8 13. Nb5 0-0 14. Nd6 Nf5 15. Nxb7 Qxb7 16. g4 Nfd4 17. Nxd4 Nxd4 18. Qd3 Nc6 19. Qe4 Rac8 20. Be3 Qe7 21. g5 Bxe5 22. f4 Bxb2 23. Rae1 h5 24. Kh1 Qc7 25. Bg1 Ne7 26. Qb1 Bd4 27. Bh2 Nf5 28. Be4 Qd7 29. Rd1 Qa4 30. Rd3 Qxc4 31. Rc1 Qa4 0-1

[Event "BL2-West 9798"]
[Site "Germany"]
[Date "1997.??.??"]
[Round "?.3"]
[White "Kengis, Edvins"]
[Black "Baumhus, Reinhard"]
[Result "1-0"]
[WhiteElo "2590"]
[BlackElo "2330"]
[PlyCount "59"]
[EventDate "1997.10.??"]
[EventType "team-tourn"]
[EventRounds "9"]
[EventCountry "GER"]
[SourceTitle "EXT 1999"]
[Source "ChessBase"]
[SourceDate "1998.11.16"]
[SourceVersion "1"]
[SourceVersionDate "1998.11.16"]
[SourceQuality "1"]
[WhiteTeam "Godesberg"]
[BlackTeam "Enger Spenge"]
[WhiteTeamCountry "GER"]
[BlackTeamCountry "GER"]

1. Nf3 d5 2. g3 Nc6 3. d4 Bf5 4. Bg2 Nb4 5. Na3 e6 6. 0-0 Nf6 7. Ne5 a5 8. c3 Na6 9. Qb3 Qc8 10. Bg5 Be7 11. c4 Nb4 12. cxd5 a4 13. Qd1 exd5 14. Qd2 c6 15. Bxf6 gxf6 16. Nf3 h5 17. Nh4 Be6 18. Nb1 Qb8 19. a3 Na6 20. e4 dxe4 21. Bxe4 Qd6 22. Nc3 Nc5 23. Rad1 Nb3 24. Qe3 Ra5 25. d5 cxd5 26. Bxd5 Qe5 27. Bxe6 Qxe6 28. Qf3 f5 29. Rfe1 Nd4 30. Qf4 1-0

[Event "Passau op 5th"]
[Site "Passau"]
[Date "1997.??.??"]
[Round "4"]
[White "Knopp, Ingmar"]
[Black "Baumhus, Reinhard"]
[Result "1/2-1/2"]
[WhiteElo "2085"]
[BlackElo "2355"]
[PlyCount "119"]
[EventDate "1997.05.??"]
[EventType "swiss"]
[EventRounds "7"]
[EventCountry "GER"]
[SourceTitle "EXT 2001"]
[Source "ChessBase"]
[SourceDate "2000.11.22"]
[SourceVersion "1"]
[SourceVersionDate "2000.11.22"]
[SourceQuality "1"]

1. d4 d5 2. e3 Nc6 3. Be2 e5 4. dxe5 Nxe5 5. Nf3 Bd6 6. Nbd2 Nf6 7. Nxe5 Bxe5 8. Nf3 Bd6 9. Qd4 0-0 10. 0-0 Re8 11. c4 c5 12. Qd1 Be6 13. cxd5 Bxd5 14. Bd2 Qc7 15. h3 Rad8 16. Qc1 Ne4 17. Rd1 Qc6 18. Bc4 Bc7 19. Be1 b5 20. Bxd5 Rxd5 21. Qc2 Ng5 22. Qe2 Rxd1 23. Rxd1 Nxf3+ 24. Qxf3 Qxf3 25. gxf3 Rd8 26. Rxd8+ Bxd8 27. b3 f5 28. Kf1 Kf7 29. Ke2 Bf6 30. Kd3 Kg6 31. f4 Bh4 32. e4 c4+ 33. bxc4 bxc4+ 34. Kxc4 fxe4 35. Kd4 Kf5 36. Ke3 Bd8 37. Bc3 g6 38. Bd4 a6 39. f3 exf3 40. Kxf3 Bc7 41. Be3 Ba5 42. Bc1 Bc3 43. Be3 Bb2 44. Bd2 Ba3 45. Be3 a5 46. Bd2 a4 47. Be3 Bb2 48. Bd2 Bf6 49. Be3 Bg7 50. Bd2 Bh8 51. Be3 Bf6 52. Bd2 Ke6 53. Ke4 Kd6 54. Bb4+ Kc6 55. f5 Kb5 56. Bd6 Kc4 57. fxg6 hxg6 58. Ba3 Kc3 59. Kd5 Kc2 60. Kc4 1/2-1/2

[Event "Bundesliga 9697"]
[Site "Germany"]
[Date "1997.??.??"]
[Round "?.6"]
[White "Loeffler, Stefan"]
[Black "Baumhus, Reinhard"]
[Result "0-1"]
[WhiteElo "2410"]
[BlackElo "2355"]
[PlyCount "88"]
[EventDate "1996.10.12"]
[EventType "team-tourn"]
[EventRounds "15"]
[EventCountry "GER"]
[SourceTitle "GER-chT"]
[Source "ChessBase"]
[SourceDate "1999.07.01"]
[SourceVersion "1"]
[SourceVersionDate "1999.07.01"]
[SourceQuality "1"]
[WhiteTeam "Hamburger SK"]
[BlackTeam "Passau"]
[WhiteTeamCountry "GER"]
[BlackTeamCountry "GER"]

1. Nf3 d5 2. c4 d4 3. g3 Nc6 4. Bg2 g6 5. b4 Bg7 6. b5 Nb8 7. 0-0 Nh6 8. d3 0-0 9. Nbd2 a6 10. Ne4 Nf5 11. Qa4 Nd6 12. Nxd6 cxd6 13. Bb2 Qb6 14. Rab1 a5 15. Qc2 Nd7 16. Rbe1 e5 17. Nh4 Qd8 18. e3 dxe3 19. fxe3 Qc7 20. Rc1 Rb8 21. d4 Bh6 22. Qd3 b6 23. Bd5 Kg7 24. Bc6 f6 25. Rcd1 Rf7 26. Ng2 Nf8 27. dxe5 dxe5 28. Ba3 Bg4 29. Bd6 Qc8 30. Rd2 Rbb7 31. Bxb7 Qxb7 32. Qd5 Ne6 33. Rxf6 Qxd5 34. Rxf7+ Kxf7 35. cxd5 Nd4 36. Bxe5 Nf3+ 37. Kf2 Nxd2 38. Bd4 Ne4+ 39. Ke1 Nc5 40. Nf4 Bxf4 41. gxf4 Ke7 42. e4 Bf3 43. Bxc5+ bxc5 44. b6 Kd7 0-1

[Event "Bundesliga 9697"]
[Site "Germany"]
[Date "1997.??.??"]
[Round "?.7"]
[White "Vogt, Lothar"]
[Black "Baumhus, Reinhard"]
[Result "1-0"]
[WhiteElo "2515"]
[BlackElo "2355"]
[PlyCount "123"]
[EventDate "1996.10.12"]
[EventType "team-tourn"]
[EventRounds "15"]
[EventCountry "GER"]
[SourceTitle "GER-chT"]
[Source "ChessBase"]
[SourceDate "1999.07.01"]
[SourceVersion "1"]
[SourceVersionDate "1999.07.01"]
[SourceQuality "1"]
[WhiteTeam "Koeln Porz"]
[BlackTeam "Passau"]
[WhiteTeamCountry "GER"]
[BlackTeamCountry "GER"]

1. e4 c6 2. d4 d5 3. Nc3 dxe4 4. Nxe4 Nf6 5. Nxf6+ exf6 6. c3 Bd6 7. Bd3 0-0 8. Qc2 Re8+ 9. Ne2 Kh8 10. Be3 Na6 11. 0-0 Nc7 12. c4 Ne6 13. Rfe1 g6 14. Qd2 Bd7 15. c5 Bf8 16. Bc4 Kg8 17. Rad1 Nc7 18. Nf4 Bg4 19. f3 Be6 20. Nxe6 fxe6 21. Bf2 Nd5 22. Re2 Qd7 23. Rde1 Rad8 24. Bh4 Bg7 25. Bg3 f5 26. Bd6 Bf8 27. Bxd5 exd5 28. Bxf8 Rxe2 29. Rxe2 Rxf8 30. Qe1 Kf7 31. Qh4 h5 32. Re5 Re8 33. f4 Qd8 34. Qg3 Rxe5 35. fxe5 Qe7 36. Qf4 Kg7 37. h3 b6 38. b4 Kh7 39. Kh2 bxc5 40. bxc5 Kg7 41. Kg3 Kh7 42. Qh4 Qf8 43. Qf6 Qh6 44. Qe7+ Kg8 45. Qd8+ Kh7 46. Qc7+ Kg8 47. Qb8+ Kf7 48. e6+ Kxe6 49. Qe8+ Kf6 50. Qxc6+ Kg7 51. Qb7+ Kf6 52. Qa6+ Kf7 53. Qxa7+ Kf6 54. Qb6+ Kf7 55. Qc7+ Kg8 56. Qf4 h4+ 57. Qxh4 Qe3+ 58. Kh2 f4 59. Qd8+ Kg7 60. Qc7+ Kh6 61. Qe5 Qf2 62. c6 1-0

[Event "Bundesliga 9596"]
[Site "Germany"]
[Date "1996.??.??"]
[Round "?.6"]
[White "Baumhus, Reinhard"]
[Black "Reeh, Oliver"]
[Result "1/2-1/2"]
[WhiteElo "2360"]
[BlackElo "2450"]
[PlyCount "83"]
[EventDate "1995.10.14"]
[EventType "team-tourn"]
[EventRounds "15"]
[EventCountry "GER"]
[SourceTitle "GER-chT"]
[Source "ChessBase"]
[SourceDate "1999.07.01"]
[SourceVersion "1"]
[SourceVersionDate "1999.07.01"]
[SourceQuality "1"]
[WhiteTeam "Passau"]
[BlackTeam "Solingen"]
[WhiteTeamCountry "GER"]
[BlackTeamCountry "GER"]

1. e4 g6 2. d4 Bg7 3. Nc3 d6 4. Nge2 Nf6 5. g3 0-0 6. Bg2 Na6 7. h3 c5 8. Be3 cxd4 9. Bxd4 e5 10. Be3 Nc7 11. a4 Be6 12. f4 d5 13. fxe5 Nxe4 14. Nxe4 dxe4 15. Qxd8 Rfxd8 16. Bf4 Nd5 17. Bxe4 Nxf4 18. gxf4 f6 19. exf6 Bxf6 20. Kf2 Rac8 21. Rad1 Rxd1 22. Rxd1 Bxh3 23. b3 b6 24. c4 Rc7 25. Kg3 Re7 26. Bd5+ Kg7 27. Kxh3 Rxe2 28. Bf3 Re7 29. Rd2 Bc3 30. Re2 Rd7 31. Bd5 Bb4 32. Re6 Re7 33. Kg4 Rxe6 34. Bxe6 Kf6 35. Bd5 Bc5 36. Bc6 h5+ 37. Kf3 g5 38. fxg5+ Kxg5 39. Kg3 a5 40. Bf3 h4+ 41. Kh3 Kf4 42. Bc6 1/2-1/2

[Event "Bundesliga 9596"]
[Site "Germany"]
[Date "1996.??.??"]
[Round "?.6"]
[White "Brendel, Oliver"]
[Black "Baumhus, Reinhard"]
[Result "1/2-1/2"]
[WhiteElo "2375"]
[BlackElo "2360"]
[PlyCount "113"]
[EventDate "1995.10.14"]
[EventType "team-tourn"]
[EventRounds "15"]
[EventCountry "GER"]
[SourceTitle "GER-chT"]
[Source "ChessBase"]
[SourceDate "1999.07.01"]
[SourceVersion "1"]
[SourceVersionDate "1999.07.01"]
[SourceQuality "1"]
[WhiteTeam "Zaehringen"]
[BlackTeam "Passau"]
[WhiteTeamCountry "GER"]
[BlackTeamCountry "GER"]

1. e4 c6 2. d4 d5 3. Nc3 dxe4 4. Nxe4 Nf6 5. Nxf6+ exf6 6. c3 Bd6 7. Bd3 0-0 8. Ne2 Re8 9. Qc2 Kh8 10. 0-0 Qc7 11. g3 Nd7 12. Bf4 Nf8 13. Bxd6 Qxd6 14. Nf4 Ne6 15. Nxe6 Bxe6 16. Rfe1 Re7 17. Re3 Rae8 18. Rae1 Bc8 19. Rxe7 Rxe7 20. Rxe7 Qxe7 21. Qe2 Be6 22. a3 g6 23. b4 Qd6 24. Qe3 Kg7 25. h4 h5 26. Qf4 Qd5 27. c4 Qd8 28. f3 a5 29. Bf1 axb4 30. axb4 Qa8 31. Qd2 Qa3 32. d5 Bd7 33. Kg2 Qa1 34. d6 Qe5 35. c5 Qf5 36. Kf2 g5 37. Qd4 g4 38. Qe4 Qe6 39. Bc4 Qe5 40. Qxe5 fxe5 41. fxg4 hxg4 42. b5 cxb5 43. Bd5 b4 44. Ke1 f5 45. Bxb7 b3 46. Kd1 Ba4 47. Kc1 e4 48. c6 e3 49. d7 e2 50. Kd2 b2 51. d8Q e1Q+ 52. Kxe1 b1Q+ 53. Kf2 Qc2+ 54. Ke3 Qe4+ 55. Kd2 Qc2+ 56. Ke1 Qe4+ 57. Kd2 1/2-1/2